000 01420cam a22002775a 4500
001 L150096
008 100602s2010 xxk f 001 0 eng d
020 _a9781842195840
035 _a(Sirsi) u150096
041 0 _aeng
050 0 4 _a346.4104346 $2 18
100 1 _aGibbons, Ellodie
245 0 0 _aLeasehold enfranchisement explained
260 _aCoventry
_bRICS
_c2010
300 _axiii, 432p.
_c21cm.
505 2 _aEnfranchisement explained -- Flats: the individual right of a tenant to a acquire a new lease -- Flats: new lease claims: valuation issues -- Flats: collective enfranchisement -- Flats: collective enfranchisement valuation issues -- Houses: the right of a tenant to acquire the freehold -- Houses: the right of a tenant to acquire an extended lease -- Houses: extended leases and enfranchisement valuation issues -- Glossary
520 _aThis book explains the responsibilities for each party and timetables with which to comply. It explains how to deal with normal valuation and legal issues. Includes fully illustrated valuation calculations and legal issues by demonstrating this using flow charts, sample forms, checklists and diagrams.
521 _aAdvanced
590 _aKA
650 2 4 _aLEASEHOLD REFORM ACT 1967
651 4 _aUnited Kingdom
_y
690 _aLANDLORD AND TENANT-LEASEHOLD REFORM
700 1 _aWilson, James
700 1 _aDriscoll, James
_eed.
942 _n0
999 _c110733
_d110733